Szczegóły MARC21

Dyplomacja polska w XX wieku /

003 -Nazwa inst., której nr kontr. jest w polu 001 [,]
    • @
    • Nazwa instytucji, której n kontrolny jest w polu 001
    • NUKAT
005 -DATA I CZAS OSTATNIEJ MODYFIKACJI [,]
    • @
    • pole kontrolne
    • 20241231094252.0
020 -Międzynarod. znormalizowany nr książki - ISBN [ , ]
    • a
    • Numer ISBN
    • 8373782060 Find
040 -Instytucja sporządzająca opis [ , ]
    • a
    • Instytucja, która sporządziła opis (NP)
    • WR U/al
    • c
    • Instytucja, która sporządziła rekord (NP)
    • WR U/al
    • d
    • Instytucja, która zmodyfikowała rekord (P)
    • WR U/dl
    • d
    • Instytucja, która zmodyfikowała rekord (P)
    • WA U/98MAPs
942 -Rodzaj dokumentu [ , ]
    • c
    • Rodzaj dokumentu
    • Książka
100 -Hasło główne - nazwa osobowa [1, ]
    • a
    • Nazwa osobowa (NP)
    • Grzeloński, Bogdan
    • d
    • Daty biograficzne (NP)
    • (1941-2023).
    • 9
    • KHW
    • 21227
245 -Strefa tytułu i oznaczenia odpowiedzialności [1,0]
    • a
    • Tytuł
    • Dyplomacja polska w XX wieku / Find
    • c
    • Pozostałe elementy strefy tytułu i oznaczenia odpowiedzialności (NP)
    • Bogdan Grzeloński.
260 -Strefa adresu wydawniczego [ , ]
    • a
    • Miejsce wydania (P)
    • Warszawa ;
    • b
    • Nazwa wydawcy (P)
    • Szkoła Główna Handlowa w Warszawie,
    • c
    • Data wydania (P)
    • 2006.
300 -Strefa opisu fizycznego [ , ]
    • a
    • Określenie formy książki i/lub objętość (NP)
    • 385 s., [12] s. tabl. :
    • b
    • Oznaczenie ilustracji (NP)
    • il. (niektóre kolor.) ;
    • c
    • Format (NP)
    • 25 cm.
336 -Typ zawartości [ , ]
    • a
    • Termin opisujący typ zawartości
    • Tekst
    • b
    • Kod określający zawartość
    • txt
    • 2
    • Źródło (terminu i kodu)
    • rdacontent
337 -Typ mediów [ , ]
    • a
    • Tryb odtwarzania
    • Bez urządzenia pośredniczącego
    • b
    • Kod typu mediów
    • n
    • 2
    • Źródło (terminu i kodu)
    • rdamedia
338 -Typ/rodzaj nośnika [ , ]
    • a
    • Hasło opisujące typ nośnika
    • Wolumin
    • b
    • Kod typu nośnika
    • nc
    • 2
    • Źródło (terminu i kodu)
    • rdacarrier
504 -Uwaga dot. bibliogr. załącznikowej [ , ]
    • a
    • Uwaga dot. bibliografii załącznikowej
    • Bibliogr. s. [365]-374. Indeks.
080 -Uniwersalna Klasyfikacja Dziesiętna [ , ]
    • 2
    • Identyfikator wydania tablic
    • UDC-P058
    • a
    • Symbol klasyfikacji
    • 94(438).08
    • b
    • Dopowiedzenie
    • Historia Polski. Okres od 1918 r.
    • 9
    • UKD
    • 7023
080 -Uniwersalna Klasyfikacja Dziesiętna [ , ]
    • 2
    • Identyfikator wydania tablic
    • UDC-P058
    • a
    • Symbol klasyfikacji
    • 327
    • b
    • Dopowiedzenie
    • Międzynarodowe stosunki polityczne. Polityka światowa. Polityka międzynarodowa. Polityka zagraniczna. Dyplomacja.
    • 9
    • UKD
    • 2892
650 -Hasło przedmiotowe [ ,7]
    • a
    • Hasło przedmiotowe
    • Służba dyplomatyczna i konsularna polska
    • y
    • Określnik chronologiczny
    • 20 w.
    • 2
    • Źródło terminu
    • kaba
    • 9
    • KHW
    • 358562
650 -Hasło przedmiotowe [ ,7]
    • a
    • Hasło przedmiotowe
    • Dyplomaci polscy
    • z
    • Określnik geograficzny
    • za granicą
    • y
    • Określnik chronologiczny
    • 20 w.
    • 2
    • Źródło terminu
    • kaba
    • 9
    • KHW
    • 358563
651 -Hasło przedmiotowe w formie nazwy geograficznej [ ,7]
    • a
    • Nazwa geograficzna
    • Polska
    • x
    • Określnik rzeczowy
    • stosunki zagraniczne
    • y
    • Określnik chronologiczny
    • 20 w.
    • 2
    • Źródło terminu
    • kaba
    • 9
    • KHW
    • 358561
980 -Symbol UKD [ , ]
    • a
    • UKD
    • 94(438).08:327
920 -ISBN [ , ]
    • a
    • ISBN
    • 83-7378-206-0 Find
Data inwentaryzacji Lokalizacja Status udost. Numer inwentarzowy
2006-10-30BG-3Z.106946
2006-10-30BNS1H.15259